1592 1895 1002 1550 1322 1743 1335 1721 1964 1533 1026 1596 1928 1714 1544 1230 1769 1716 1258 1860 1677 1826 1597 1466 1498 1558 1807 1622 1863 1902 1992 1541 1256 1530 1522 1095 1994 1210 1468 1151 1676 1490 1863 1216 1448 1131 1249 1198 1930 1020 1118 1650 1037 1702 1537 1473 1562 1696 1075 1150 1030 1962 1954 1786 1889 1334 1924 1119 1845 1467 1675 1595 1904 1662 1203 1502 1093 1513 1624 1930 1106 1521 1248 1992 1462 1474 1399 1374 1359 1281 1849 1796 1246 1989 1608 1383 1181 1745 1544 BCNSPRNW ULIB Ver.6.0+V

เปลี่ยนเป็นภาษาไทย

Change to English
 แสดงรายละเอียดบรรณานุกรม
  กลับหน้าหลัก

Brief Record : Get Marc (ISO 2709) : E-mail record : QR code < ปิดหน้าต่าง
LEADER : 00000nam 2200000uu 4500
001    13399113511
003     ULIB
008    110627s2550||||th 000 0 tha d
020    9789749450024
090    นว.^bA111ซ ล.2 2550
100 0  Angie Sage
245 00 เซ็ปติมัส ฮีป ปาฏิหาริย์หมายเลขเจ็ด 2/^cAngie Sage
250    พิมพ์ครั้งที่ 2
260    กรุงเทพฯ :^bนานมีบุ๊คส์,^c2550
300    295 หน้า
710 1  นานมีบุ๊คส์
945    ^p295^l0^i022069
995    ทศพร
999 ^a ใช้งานได้ทุกระบบ
รายการนี้ยังไม่มีแท็ก
คุณยังไม่ได้ล็อกอิน คุณสามารถมีกิจกรรมร่วมกับเว็บไซต์ได้ แต่ต้องล็อกอินก่อน ::
  ล็อกอิน

รายการสื่อสารสนเทศ

ลำดับที่ ประเภท เลขเรียก/บาร์โค้ด สถานที่ สถานะ
1. นวนิยาย
นวนิยาย
นว. A111ซ ล.2 2550 ฉ.1 
  Barcode: 022069
ห้องสมุดวิทยาเขตสวรรค์ประชารักษ์
►นวนิยาย
บนชั้น
  ขอยืม

รายการใกล้เคียง
    ผู้แต่ง [Angie Sage]

BibComment


ยังไม่เคยถูกคอมเมนท์

คอมเมนท์ทรัพยากรรายการนี้
  คอมเมนท์: เซ็ปติมัส ฮีป ปาฏ..


 Copyright 2026. Bcnsprnw @Library